Quiet book / (Record no. 114901)
[ view plain ]
| 000 -LEADER | |
|---|---|
| fixed length control field | 00691nam a2200169 a 4500 |
| 005 - DATE AND TIME OF LATEST TRANSACTION | |
| control field | 20140414132115.0 |
| 008 - FIXED-LENGTH DATA ELEMENTS--GENERAL INFORMATION | |
| fixed length control field | 111011s19uu xx 00 eng d |
| 020 ## - INTERNATIONAL STANDARD BOOK NUMBER | |
| International Standard Book Number | 9780547215679 |
| 050 ## - LIBRARY OF CONGRESS CALL NUMBER | |
| Classification number | TR |
| Item number | Q4 2010 |
| 100 ## - MAIN ENTRY--PERSONAL NAME | |
| Personal name | Underwood, Deborah. |
| 245 ## - TITLE STATEMENT | |
| Title | Quiet book / |
| Statement of responsibility, etc | by Deborah Underwood ; illustrated by Renata Liwska. |
| 260 ## - PUBLICATION, DISTRIBUTION, ETC. (IMPRINT) | |
| Place of publication, distribution, etc | New York : |
| Name of publisher, distributor, etc | Houghton Mifflin Books for Children, |
| Date of publication, distribution, etc | c2010. |
| 520 ## - SUMMARY, ETC. | |
| Summary, etc | From the quiet of being the first one awake in the morning to "sweet dreams quiet" when the last light is turned off, simple text explores the many kinds of quiet that can exist during the day. |
| 650 ## - SUBJECT ADDED ENTRY--TOPICAL TERM | |
| Topical term or geographic name as entry element | Quietude |
| General subdivision | Fiction. |
| 650 ## - SUBJECT ADDED ENTRY--TOPICAL TERM | |
| Topical term or geographic name as entry element | Animals |
| General subdivision | Fiction. |
| Withdrawn status | Lost status | Damaged status | Use restrictions | Home library | Current library | Shelving location | Date acquired | Source of acquisition | Cost, normal purchase price | Total Checkouts | Full call number | Barcode | Date last seen | Price effective from | Koha item type |
|---|---|---|---|---|---|---|---|---|---|---|---|---|---|---|---|
| Munich Library | Munich Library | Teachers Reference Section | 10/11/2011 | 569.00 | TR Q4 2010 | M6837 | 04/14/2014 | 04/14/2014 | Books |